[Event "EU/EM/M/001 EU Email"]
[Site "EU eMail"]
[Date "2002.02.27"]
[Round "?"]
[White "Delavekouras, Sotiris"]
[Black "Flaherty, Kevin"]
[Result "1/2-1/2"]
[WhiteElo "2256"]
[BlackElo "2139"]
[PlyCount "54"]
[EventDate "2002.??.??"]

1. e4 c6 2. d4 d5 3. Nd2 dxe4 4. Nxe4 Nd7 5. Ng5 Ngf6 6. Bd3 e6 7. N1f3 Bd6 8.
Qe2 h6 9. Ne4 Nxe4 10. Qxe4 Qc7 11. Qg4 Kf8 12. O-O c5 13. dxc5 Nxc5 14. Be3
Nxd3 15. cxd3 e5 16. Qe4 Qc6 17. Qxc6 bxc6 18. Rac1 Bd7 19. Bc5 Bxc5 20. Rxc5
f6 21. d4 exd4 22. Rfc1 d3 23. Rd1 Rb8 24. b3 Rb5 25. Rc3 Rd5 26. Rcxd3 Rxd3
27. Rxd3 Ke7 1/2-1/2

[Event "EU/EM/M/001 EU Email"]
[Site "EU eMail"]
[Date "2002.02.27"]
[Round "?"]
[White "Delavekouras, Sotiris"]
[Black "Koronowski, Heinz Juergen"]
[Result "1/2-1/2"]
[WhiteElo "2256"]
[BlackElo "2201"]
[PlyCount "75"]
[EventDate "2002.??.??"]

1. e4 c5 2. Nf3 Nc6 3. d4 cxd4 4. Nxd4 Nf6 5. Nc3 e5 6. Ndb5 d6 7. Bg5 a6 8.
Na3 b5 9. Bxf6 gxf6 10. Nd5 Bg7 11. Bd3 Ne7 12. Nxe7 Qxe7 13. O-O f5 14. c4 O-O
15. Qf3 bxc4 16. Nxc4 d5 17. exd5 e4 18. Qe3 Bb7 19. d6 Qf6 20. Bc2 f4 21. Qh3
Rac8 22. b3 Qg5 23. Rad1 f5 24. d7 Rcd8 25. Rd6 Rf7 26. Na5 Ba8 27. Rfd1 e3 28.
Bd3 Bf8 29. Nc6 Bxc6 30. Rxc6 Rfxd7 31. Bc4+ Kh8 32. Rxd7 Rxd7 33. fxe3 Rd1+
34. Kf2 fxe3+ 35. Qxe3 Qh4+ 36. Kf3 Qg4+ 37. Kf2 Qh4+ 38. Kf3 1/2-1/2

[Event "EU/EM/M/001 EU Email"]
[Site "EU eMail"]
[Date "2002.02.27"]
[Round "?"]
[White "Delavekouras, Sotiris"]
[Black "Machycek, Lubomir"]
[Result "1/2-1/2"]
[WhiteElo "2256"]
[BlackElo "2390"]
[PlyCount "82"]
[EventDate "2002.??.??"]

1. e4 Nf6 2. e5 Nd5 3. d4 d6 4. Nf3 g6 5. Bc4 c6 6. O-O Bg7 7. h3 O-O 8. exd6
Qxd6 9. Nbd2 b5 10. Bb3 Nb6 11. Re1 a5 12. c3 a4 13. Bc2 Bf5 14. Ne4 Bxe4 15.
Rxe4 Nd5 16. Bg5 a3 17. bxa3 e6 18. Qd2 Rc8 19. a4 Nd7 20. Rc1 N7b6 21. Bb3
bxa4 22. Bd1 Nc4 23. Qe2 h6 24. Bd2 Ndb6 25. Bf4 Qd5 26. Be5 f5 27. Rh4 Nxe5
28. Nxe5 Kh7 29. Rb1 Rab8 30. c4 Nxc4 31. Rxb8 Rxb8 32. Nxc4 g5 33. Ne3 Qb5 34.
Rh5 Qxe2 35. Bxe2 Rb1+ 36. Kh2 Bxd4 37. Bc4 Be5+ 38. g3 Kg6 39. Bxe6 Rb7 40.
Bxf5+ Kxh5 41. Kg2 Rf7 1/2-1/2

[Event "EU/EM/M/001 EU Email"]
[Site "EU eMail"]
[Date "2002.02.27"]
[Round "?"]
[White "Delavekouras, Sotiris"]
[Black "Ryska, Jiri"]
[Result "1-0"]
[WhiteElo "2256"]
[BlackElo "2258"]
[PlyCount "73"]
[EventDate "2002.??.??"]

1. e4 d5 2. exd5 Nf6 3. d4 Nxd5 4. Nf3 Bg4 5. h3 Bf5 6. Nh4 Bd7 7. c4 e6 8. Nf3
Nf6 9. Nc3 Bc6 10. Be2 Bb4 11. O-O O-O 12. Qb3 a5 13. Be3 b6 14. Rad1 Bb7 15.
a3 Bxc3 16. Qxc3 Qc8 17. Rfe1 Nbd7 18. Bf4 Rd8 19. Ne5 Nxe5 20. Bxe5 Nd7 21.
Bf4 Nf6 22. Qg3 Rd7 23. Be5 Qd8 24. Bd3 Ne8 25. Bc2 a4 26. d5 exd5 27. Qg4 g6
28. cxd5 Rxd5 29. Bxa4 h5 30. Qf4 g5 31. Qb4 c5 32. Qb5 Rxd1 33. Bxd1 Ng7 34.
Bb3 Ne6 35. Rd1 Qe7 36. Rd7 Qe8 37. Qd3 1-0

[Event "EU/EM/M/001 EU Email"]
[Site "EU eMail"]
[Date "2002.02.27"]
[Round "?"]
[White "Delavekouras, Sotiris"]
[Black "Wrba, Klaus"]
[Result "1/2-1/2"]
[WhiteElo "2256"]
[BlackElo "2431"]
[PlyCount "78"]
[EventDate "2002.??.??"]

1. e4 e6 2. d4 d5 3. Nc3 Bb4 4. e5 c5 5. a3 Bxc3+ 6. bxc3 Ne7 7. Qg4 O-O 8. Bd3
Nbc6 9. Qh5 Ng6 10. Nf3 Qc7 11. Be3 c4 12. Bxg6 fxg6 13. Qg4 Bd7 14. h4 Rf5 15.
h5 gxh5 16. Rxh5 Raf8 17. Rh3 Qa5 18. Kd2 Be8 19. Ng5 Rxg5 20. Qxg5 Bg6 21.
Rhh1 Qa4 22. Ra2 b5 23. Rha1 a5 24. Qg4 Bf5 25. Qe2 Bg6 26. Ke1 Rf7 27. Kf1 Bf5
28. Kg1 Rf8 29. Bg5 Be4 30. f3 Bf5 31. Qd1 Bg6 32. Rb2 h6 33. Bh4 Rf4 34. Bf2
Na7 35. Raa2 Rf7 36. Bh4 Nc6 37. Qe1 Bh7 38. Qb1 Rb7 39. Bf2 Bg6 1/2-1/2

[Event "EU/EM/M/001 EU Email"]
[Site "EU eMail"]
[Date "2002.02.27"]
[Round "?"]
[White "Flaherty, Kevin"]
[Black "Glaser, Karel"]
[Result "1/2-1/2"]
[WhiteElo "2139"]
[BlackElo "2145"]
[PlyCount "66"]
[EventDate "2002.??.??"]

1. e4 e5 2. Nf3 Nc6 3. Bb5 a6 4. Ba4 Nf6 5. O-O Be7 6. Re1 b5 7. Bb3 d6 8. c3
O-O 9. h3 Bb7 10. d4 Re8 11. Nbd2 Bf8 12. a4 h6 13. Bc2 exd4 14. cxd4 Nb4 15.
Bb1 c5 16. d5 Nd7 17. Ra3 f5 18. Nh2 Nf6 19. Rf3 Re5 20. Rxf5 Rxf5 21. exf5
Bxd5 22. Ng4 Bf7 23. Nf3 bxa4 24. Qxa4 Rb8 25. Bd2 Nxg4 26. hxg4 Be7 27. Nd4
cxd4 28. Bxb4 Bf6 29. Bd3 Be5 30. g3 Qg5 31. Qd7 Be8 32. Qe6+ Bf7 33. Qd7 Be8
1/2-1/2

[Event "EU/EM/M/001 EU Email"]
[Site "EU eMail"]
[Date "2002.02.27"]
[Round "?"]
[White "Flaherty, Kevin"]
[Black "Karelin, Evgeny"]
[Result "1-0"]
[WhiteElo "2139"]
[BlackElo "1706"]
[PlyCount "59"]
[EventDate "2002.??.??"]

1. e4 e5 2. Nf3 Nf6 3. d4 Nxe4 4. Bd3 d5 5. Nxe5 Nd7 6. Nxd7 Bxd7 7. O-O Qh4 8.
c4 O-O-O 9. c5 g6 10. Nc3 Bg7 11. g3 Qf6 12. Be3 Bc6 13. Nb5 Bxb5 14. Bxb5 c6
15. Be2 Rhe8 16. Qa4 Kb8 17. Rad1 Ng5 18. Rd3 Re4 19. Ra3 a6 20. Rb3 Rd7 21.
Qxa6 Rc7 22. Qa5 h6 23. Ra3 Kc8 24. b4 Qe6 25. b5 Kd8 26. bxc6 bxc6 27. Rb1
Bxd4 28. Rb8+ Kd7 29. Rf8 Qe5 30. Bxg5 1-0

[Event "EU/EM/M/001 EU Email"]
[Site "EU eMail"]
[Date "2002.02.27"]
[Round "?"]
[White "Flaherty, Kevin"]
[Black "Mayer, Johann"]
[Result "1-0"]
[WhiteElo "2139"]
[BlackElo "2216"]
[PlyCount "116"]
[EventDate "2002.??.??"]

1. e4 e5 2. Nf3 Nc6 3. Bb5 a6 4. Ba4 Nf6 5. O-O Be7 6. Re1 b5 7. Bb3 O-O 8. a4
Bb7 9. d3 d6 10. Nbd2 Re8 11. Nf1 h6 12. Bd2 Nd7 13. Ng3 Bf8 14. Qe2 Nf6 15. h3
Qd7 16. c3 Na5 17. Bc2 c5 18. axb5 axb5 19. c4 b4 20. Ba4 Bc6 21. Bxc6 Nxc6 22.
Nf5 b3 23. Bc3 Ra2 24. Rxa2 bxa2 25. Ra1 Ra8 26. Ng3 Ra6 27. b3 Qa7 28. Qc2 Be7
29. Ne2 Nh5 30. Bd2 Nf4 31. Nxf4 exf4 32. Bc3 Qa8 33. Qb2 Bf8 34. Qc2 Be7 35.
Kf1 Nd8 36. Qd2 Ne6 37. Ng1 Ra3 38. Qb2 Bg5 39. f3 Ra6 40. Ne2 Bh4 41. Nc1 Rb6
42. Rxa2 Qf8 43. Ne2 Qb8 44. Ra3 Kh7 45. d4 Bf6 46. d5 Bxc3 47. Qxc3 Nd4 48.
Nxd4 cxd4 49. Qd3 g6 50. Ke2 Rb7 51. Kd2 Qh8 52. Kc2 Qf6 53. Qd2 Qe5 54. Kd3 f5
55. Qf2 fxe4+ 56. fxe4 Qg5 57. Qf3 Qe5 58. b4 Re7 1-0

[Event "EU/EM/M/001 EU Email"]
[Site "EU eMail"]
[Date "2002.02.27"]
[Round "?"]
[White "Flaherty, Kevin"]
[Black "Prokopp, Heinz"]
[Result "0-1"]
[WhiteElo "2139"]
[BlackElo "2442"]
[PlyCount "158"]
[EventDate "2002.??.??"]

1. e4 e6 2. d4 d5 3. Nc3 Bb4 4. e5 c5 5. a3 Bxc3+ 6. bxc3 Ne7 7. h4 Nbc6 8. h5
Qa5 9. Bd2 cxd4 10. cxd4 Qa4 11. Nf3 Nxd4 12. Bd3 Nec6 13. Bc3 Nxf3+ 14. Qxf3
Nd4 15. Qg3 Nxc2+ 16. Ke2 Bd7 17. Rab1 Nxa3 18. Qxg7 O-O-O 19. Rb4 Qc6 20. Rc1
Kb8 21. Kf1 Rdg8 22. Qf6 Nc4 23. Rcb1 b6 24. Qf4 Qc7 25. Bxc4 dxc4 26. Rxc4 Bc6
27. g3 Qb7 28. Bb4 Rc8 29. Bd6+ Ka8 30. Ke1 Bd7 31. Rbc1 Rxc4 32. Rxc4 Bc6 33.
g4 Rc8 34. f3 b5 35. Rc1 a5 36. Kf2 b4 37. Kg3 b3 38. Qd2 Qb6 39. Qd3 h6 40.
Rc3 a4 41. Rc1 Kb7 42. Qc4 Qa5 43. Ra1 Bxf3 44. Qxa4 Qxa4 45. Rxa4 Bd5 46. Rb4+
Kc6 47. Bb8 f5 48. gxf5 exf5 49. Kf4 Rg8 50. Kxf5 Rg7 51. Bd6 Rf7+ 52. Kg6 Rf2
53. Kxh6 b2 54. Bf8 Ba2 55. e6 Re2 56. e7 b1=Q 57. Rxb1 Bxb1 58. Kg7 Kd7 59. h6
Ke8 60. Kf6 Bd3 61. Kg5 Re4 62. Kf6 Bc2 63. Kg5 Kf7 64. h7 Re5+ 65. Kf4 Rh5 66.
h8=Q Rxh8 67. Ke5 Bg6 68. Kd5 Rh5+ 69. Kd4 Ke6 70. Kc4 Be8 71. Kd4 Bb5 72. Ke4
Rh4+ 73. Ke3 Kf5 74. Kd2 Re4 75. Kc3 Kg4 76. Kd2 Kf3 77. Kc3 Ke2 78. Kc2 Rc4+
79. Kb3 Rb4+ 0-1

[Event "EU/EM/M/001 EU Email"]
[Site "EU eMail"]
[Date "2002.02.27"]
[Round "?"]
[White "Flaherty, Kevin"]
[Black "Wurschner, Miroslav"]
[Result "1/2-1/2"]
[WhiteElo "2139"]
[BlackElo "2284"]
[PlyCount "99"]
[EventDate "2002.??.??"]

1. e4 c5 2. Nf3 d6 3. d4 cxd4 4. Nxd4 Nf6 5. Nc3 a6 6. Bc4 e6 7. Bb3 Nbd7 8. f4
Nc5 9. Qf3 Be7 10. Be3 Qc7 11. f5 O-O 12. O-O b5 13. a3 Rb8 14. fxe6 fxe6 15.
Qg3 Nxb3 16. Nxb3 a5 17. Nd4 Bd7 18. Qf3 Rf7 19. Rf2 b4 20. axb4 axb4 21. Nce2
e5 22. Nf5 Bxf5 23. Qxf5 Qxc2 24. Ng3 Qb3 25. Qf3 d5 26. exd5 Qxd5 27. Rd2 Qc4
28. h3 g6 29. Bf2 Rc8 30. Qe3 Qf4 31. Qe1 Bc5 32. Bxc5 Rxc5 33. Nf1 Ne4 34.
Rd8+ Kg7 35. Rb8 Rc4 36. Ne3 Rd4 37. Rxb4 Rxb4 38. Nd5 Qf1+ 39. Qxf1 Rxf1+ 40.
Kxf1 Rxb2 41. Ra7+ Kh6 42. Re7 Ng3+ 43. Kg1 Nf5 44. Rxe5 Nh4 45. Ne3 Rxg2+ 46.
Kf1 Nf3 47. Ra5 Rg5 48. Ra7 Rh5 49. Kf2 Nd4 50. Kg3 1/2-1/2

[Event "EU/EM/M/001 EU Email"]
[Site "EU eMail"]
[Date "2002.02.27"]
[Round "?"]
[White "Glaser, Karel"]
[Black "Delavekouras, Sotiris"]
[Result "0-1"]
[WhiteElo "2145"]
[BlackElo "2256"]
[PlyCount "76"]
[EventDate "2002.??.??"]

1. e4 e5 2. Nf3 Nc6 3. Bc4 Bc5 4. c3 Nf6 5. d4 exd4 6. cxd4 Bb4+ 7. Nc3 Nxe4 8.
O-O Bxc3 9. d5 Bf6 10. Re1 Ne7 11. Rxe4 d6 12. Bg5 Bxg5 13. Nxg5 h6 14. Qe2
hxg5 15. Re1 Be6 16. dxe6 f6 17. Bd3 d5 18. Rg4 Qd6 19. h3 O-O-O 20. Bb5 Kb8
21. b4 d4 22. Qb2 Ng6 23. Bd7 Nf4 24. e7 Qxd7 25. exd8=Q+ Rxd8 26. Qd2 d3 27.
Kf1 Qc6 28. Rg3 b6 29. Rc1 Qa4 30. Re3 Rd4 31. Rb1 Rc4 32. Rxd3 Nxd3 33. Qxd3
Rxb4 34. Qd8+ Kb7 35. Rc1 Qb5+ 36. Kg1 Rc4 37. Re1 Rc2 38. Qd4 Rxa2 0-1

[Event "EU/EM/M/001 EU Email"]
[Site "EU eMail"]
[Date "2002.02.27"]
[Round "?"]
[White "Glaser, Karel"]
[Black "Machycek, Lubomir"]
[Result "0-1"]
[WhiteElo "2145"]
[BlackElo "2390"]
[PlyCount "78"]
[EventDate "2002.??.??"]

1. e4 Nf6 2. e5 Nd5 3. d4 d6 4. c4 Nb6 5. f4 g6 6. Nc3 Bg7 7. Be3 Be6 8. b3 O-O
9. Nf3 c5 10. dxc5 N6d7 11. cxd6 exd6 12. Qxd6 Nxe5 13. Qxd8 Nxf3+ 14. gxf3
Rxd8 15. Rc1 Nc6 16. Ne4 Nb4 17. Bd2 a5 18. a4 Nd3+ 19. Bxd3 Rxd3 20. Nc5 Rxf3
21. Nxe6 Re8 22. Kd1 Rxe6 23. Kc2 Re2 24. Rce1 Rg2 25. Re8+ Bf8 26. Rhe1 Rff2
27. Rd1 Rxh2 28. Kd3 Rh3+ 29. Re3 Rh5 30. Re8 Kg7 31. Re5 Rxe5 32. fxe5 Rf3+
33. Kc2 b6 34. Bg5 h6 35. Bd8 Bc5 36. Bf6+ Rxf6 37. exf6+ Kxf6 38. Rf1+ Kg7 39.
Kd3 f5 0-1

[Event "EU/EM/M/001 EU Email"]
[Site "EU eMail"]
[Date "2002.02.27"]
[Round "?"]
[White "Glaser, Karel"]
[Black "Prokopp, Heinz"]
[Result "1/2-1/2"]
[WhiteElo "2145"]
[BlackElo "2442"]
[PlyCount "57"]
[EventDate "2002.??.??"]

1. e4 e6 2. d4 d5 3. Nc3 Bb4 4. e5 c5 5. a3 Bxc3+ 6. bxc3 Ne7 7. Nf3 Nbc6 8. a4
Bd7 9. Bd3 Qa5 10. Qd2 f6 11. O-O fxe5 12. dxe5 O-O 13. Re1 h6 14. c4 Qc7 15.
a5 Rad8 16. cxd5 Nxd5 17. c4 Nf4 18. Be4 Be8 19. Qc3 Nd4 20. Nxd4 Rxd4 21. Qc2
Bc6 22. f3 Rd7 23. Bxf4 Rxf4 24. Bxc6 Qxc6 25. Rab1 Rfd4 26. Rb5 Rd2 27. Qb1
R2d3 28. h3 Qc7 29. Qc2 1/2-1/2

[Event "EU/EM/M/001 EU Email"]
[Site "EU eMail"]
[Date "2002.02.27"]
[Round "?"]
[White "Glaser, Karel"]
[Black "Ryska, Jiri"]
[Result "1-0"]
[WhiteElo "2145"]
[BlackElo "2258"]
[PlyCount "58"]
[EventDate "2002.??.??"]

1. e4 d5 2. exd5 Nf6 3. d4 Nxd5 4. Nf3 Bg4 5. Be2 e6 6. O-O Bd6 7. c4 Nf6 8.
Qb3 Qc8 9. Nc3 c6 10. Ne5 Bxe2 11. Nxe2 Na6 12. Bg5 Qc7 13. Rad1 Ne4 14. Bh4 g5
15. Bg3 Nxg3 16. fxg3 Rf8 17. Nf3 h6 18. c5 Be7 19. Ne5 Rd8 20. Qe3 Nb4 21. Qe4
Nd5 22. b4 b5 23. a4 a6 24. axb5 axb5 25. Rde1 Ra8 26. Ra1 Rb8 27. Rf2 Rc8 28.
Ra6 Qb7 29. Ra7 Rc7 1-0

[Event "EU/EM/M/001 EU Email"]
[Site "EU eMail"]
[Date "2002.02.27"]
[Round "?"]
[White "Glaser, Karel"]
[Black "Wrba, Klaus"]
[Result "1/2-1/2"]
[WhiteElo "2145"]
[BlackElo "2431"]
[PlyCount "62"]
[EventDate "2002.??.??"]

1. e4 e6 2. d4 d5 3. Nc3 Bb4 4. e5 c5 5. a3 Bxc3+ 6. bxc3 Ne7 7. Nf3 Qa5 8. Bd2
c4 9. h4 Nbc6 10. h5 h6 11. g4 b5 12. Nh4 Bb7 13. Rg1 Qa4 14. g5 hxg5 15. Bxg5
Rh7 16. Bh3 Qa5 17. Rg3 Rb8 18. Bg4 Rc8 19. Qd2 Rc7 20. f4 Bc8 21. Ng2 Nf5 22.
Rh3 Nce7 23. Ne3 Nh6 24. Be2 Nef5 25. Nxf5 Nxf5 26. Bg4 Nh6 27. Rg3 f6 28. Qe3
f5 29. Be2 Rh8 30. Kd2 Rh7 31. Qg1 Qb6 1/2-1/2

[Event "EU/EM/M/001 EU Email"]
[Site "EU eMail"]
[Date "2002.02.27"]
[Round "?"]
[White "Karelin, Evgeny"]
[Black "Delavekouras, Sotiris"]
[Result "0-1"]
[WhiteElo "1706"]
[BlackElo "2256"]
[PlyCount "72"]
[EventDate "2002.??.??"]

1. d4 Nf6 2. c4 g6 3. Nc3 Bg7 4. e4 O-O 5. Bd3 d6 6. Nf3 e5 7. d5 a5 8. O-O Na6
9. Re1 Nh5 10. Bg5 f6 11. Be3 Nf4 12. Bxf4 exf4 13. Qd2 Nc5 14. Bc2 f5 15. exf5
Bxf5 16. Bxf5 Rxf5 17. Re2 Nd7 18. Rae1 Ne5 19. Nxe5 Bxe5 20. f3 Qf6 21. Re4 c5
22. Nb5 Qg7 23. a4 b6 24. b3 Kh8 25. Qf2 g5 26. Qf1 Rg8 27. Qe2 h5 28. Qd3 g4
29. Kh1 h4 30. Qf1 h3 31. fxg4 Qxg4 32. gxh3 Qh5 33. R4e2 f3 34. Rf2 Rfg5 35.
Rc1 Rg2 36. Rcc2 Qf5 0-1

[Event "EU/EM/M/001 EU Email"]
[Site "EU eMail"]
[Date "2002.02.27"]
[Round "?"]
[White "Karelin, Evgeny"]
[Black "Glaser, Karel"]
[Result "1/2-1/2"]
[WhiteElo "1706"]
[BlackElo "2145"]
[PlyCount "52"]
[EventDate "2002.??.??"]

1. d4 Nf6 2. c4 e6 3. Nc3 Bb4 4. Nf3 O-O 5. Qb3 Be7 6. e4 d6 7. Be2 c6 8. Bg5
Re8 9. Be3 Ng4 10. Bf4 e5 11. Bg3 Nf6 12. Rd1 Nh5 13. d5 Nxg3 14. hxg3 c5 15.
Qc2 a6 16. Rd3 Qa5 17. b3 b5 18. cxb5 axb5 19. a4 b4 20. Nb5 Rf8 21. Rd1 f5 22.
exf5 Bxf5 23. Bd3 Bg4 24. Be2 Bd7 25. Bd3 Kh8 26. Ra1 e4 1/2-1/2

[Event "EU/EM/M/001 EU Email"]
[Site "EU eMail"]
[Date "2002.02.27"]
[Round "?"]
[White "Karelin, Evgeny"]
[Black "Prokopp, Heinz"]
[Result "0-1"]
[WhiteElo "1706"]
[BlackElo "2442"]
[PlyCount "50"]
[EventDate "2002.??.??"]

1. d4 f5 2. c4 e6 3. Nf3 Nf6 4. e3 c6 5. Nc3 d5 6. Bd3 Bd6 7. O-O O-O 8. Qc2
Ne4 9. b3 Nd7 10. a4 Qe7 11. Bb2 Rf6 12. Rfc1 Rh6 13. h3 g5 14. Ne2 Qg7 15. c5
Bc7 16. Bxe4 fxe4 17. Nh2 Nf6 18. Kh1 Bd7 19. Rf1 Rf8 20. Qd2 Be8 21. a5 a6 22.
Kg1 Bxh2+ 23. Kxh2 g4 24. Nf4 gxh3 25. g3 Bh5 0-1

[Event "EU/EM/M/001 EU Email"]
[Site "EU eMail"]
[Date "2002.02.27"]
[Round "?"]
[White "Karelin, Evgeny"]
[Black "Wrba, Klaus"]
[Result "0-1"]
[WhiteElo "1706"]
[BlackElo "2431"]
[PlyCount "158"]
[EventDate "2002.??.??"]

1. d4 e6 2. e4 d5 3. e5 c5 4. c3 Nc6 5. Nf3 Bd7 6. Be2 Nge7 7. O-O Ng6 8. a3
Be7 9. b4 cxd4 10. cxd4 Rc8 11. Be3 O-O 12. Qd2 f6 13. exf6 Bxf6 14. Nc3 Nce7
15. Rac1 Nf5 16. Bd3 Ngh4 17. Nxh4 Bxh4 18. Ne2 Rxc1 19. Qxc1 Qb6 20. Qc5 Qxc5
21. bxc5 Bf6 22. Rb1 Bc6 23. Bxf5 exf5 24. f3 Re8 25. Kf2 g5 26. g4 f4 27. Bd2
Ba4 28. h4 Bc2 29. Rxb7 Bd1 30. Ng1 Bxd4+ 31. Kf1 Bxc5 32. hxg5 Be3 33. Ke1 Ba4
34. Bxe3 Rxe3+ 35. Kd2 a6 36. Rb8+ Kg7 37. Rb7+ Kg6 38. Rb6+ Kxg5 39. Nh3+ Kh4
40. Nxf4 Rxf3 41. Nxd5 Bb5 42. Ne3 Rf7 43. a4 Rd7+ 44. Ke1 Bd3 45. Kf2 Kg5 46.
Rc6 Kf4 47. Rf6+ Ke5 48. Rf8 Rd4 49. a5 Ra4 50. Kg3 Bg6 51. g5 Ra3 52. Kf2 Kd4
53. Rd8+ Ke4 54. Nc4 Ra4 55. Nd2+ Kf4 56. Rd5 Ra2 57. Ke2 Bf5 58. Kf2 Be6 59.
Rd6 Bg4 60. Rd5 Bf5 61. Ke2 Kxg5 62. Kf3 Ra3+ 63. Kf2 Kf4 64. Rd4+ Ke5 65. Rb4
Kd5 66. Rf4 Bg6 67. Rg4 Ra2 68. Rg5+ Kd4 69. Ke1 Kc3 70. Rg3+ Kb4 71. Rb3+ Ka4
72. Rb6 Bd3 73. Rd6 Ra3 74. Nf3 Kxa5 75. Rh6 Ra2 76. Ng5 Re2+ 77. Kd1 Re7 78.
Kd2 Bg6 79. Kc3 Kb5 0-1

[Event "EU/EM/M/001 EU Email"]
[Site "EU eMail"]
[Date "2002.02.27"]
[Round "?"]
[White "Karelin, Evgeny"]
[Black "Wurschner, Miroslav"]
[Result "0-1"]
[WhiteElo "1706"]
[BlackElo "2284"]
[PlyCount "80"]
[EventDate "2002.??.??"]

1. d4 Nf6 2. c4 c5 3. d5 e6 4. Nc3 exd5 5. cxd5 d6 6. e4 g6 7. Bf4 Bg7 8. Qa4+
Bd7 9. Qb3 Qc7 10. Bd3 O-O 11. Nf3 Na6 12. O-O Rfe8 13. a3 Rac8 14. Nd2 c4 15.
Qxc4 Qxc4 16. Bxc4 Nxe4 17. Ndxe4 Rxc4 18. Nxd6 Rxf4 19. Nxe8 Bxe8 20. Rfe1 Bd7
21. Re7 Nc5 22. Rae1 Bd4 23. R1e2 Bf6 24. d6 Rd4 25. b4 Bxe7 26. Rxe7 Na4 27.
Rxd7 Nxc3 28. f3 b6 29. Rxa7 Rxd6 30. Ra6 Rd1+ 31. Kf2 Rd2+ 32. Kg3 b5 33. f4
Kg7 34. Kf3 Rd3+ 35. Kf2 Nb1 36. a4 bxa4 37. Rxa4 Rb3 38. f5 gxf5 39. Ra5 f4
40. b5 Rb4 0-1

[Event "EU/EM/M/001 EU Email"]
[Site "EU eMail"]
[Date "2002.02.27"]
[Round "?"]
[White "Koronowski, Heinz Juergen"]
[Black "Flaherty, Kevin"]
[Result "1/2-1/2"]
[WhiteElo "2201"]
[BlackElo "2139"]
[PlyCount "109"]
[EventDate "2002.??.??"]

1. e4 c6 2. d4 d5 3. Nc3 dxe4 4. Nxe4 Nd7 5. Nf3 Ngf6 6. Ng3 c5 7. Bd3 cxd4 8.
Nxd4 g6 9. O-O Bg7 10. Re1 O-O 11. c3 Nc5 12. Bc2 Bg4 13. Qd2 Rc8 14. h3 Bd7
15. Qf4 Qb6 16. Qh4 Ne6 17. Nb3 Qc7 18. Bh6 Bxh6 19. Qxh6 Bc6 20. Ne4 Nxe4 21.
Bxe4 Rfd8 22. Qh4 Rd7 23. Rad1 Rcd8 24. Rxd7 Rxd7 25. Bxc6 Qxc6 26. Qg3 Qd6 27.
Qxd6 Rxd6 28. f3 f5 29. Kf2 Kf7 30. g3 g5 31. Re2 Kf6 32. Nd2 b5 33. Nb3 h5 34.
Rd2 Rxd2+ 35. Nxd2 Nc5 36. Ke3 e5 37. g4 Na4 38. gxf5 Nxb2 39. Ne4+ Kxf5 40.
Nd6+ Ke6 41. Nxb5 Kd5 42. Nc7+ Kc4 43. Ke4 Nd1 44. Kf5 a5 45. Kxg5 Nxc3 46. a3
a4 47. Kxh5 Nb1 48. Kg6 Nxa3 49. h4 Nb5 50. Nxb5 Kxb5 51. h5 e4 52. h6 exf3 53.
h7 f2 54. h8=Q f1=Q 55. Qe5+ 1/2-1/2

[Event "EU/EM/M/001 EU Email"]
[Site "EU eMail"]
[Date "2002.02.27"]
[Round "?"]
[White "Koronowski, Heinz Juergen"]
[Black "Glaser, Karel"]
[Result "0-1"]
[WhiteElo "2201"]
[BlackElo "2145"]
[PlyCount "104"]
[EventDate "2002.??.??"]

1. e4 e5 2. Nf3 Nc6 3. d4 exd4 4. Nxd4 Bc5 5. Be3 Qf6 6. c3 Nge7 7. Bc4 Ne5 8.
Be2 Qg6 9. O-O d6 10. f4 Qxe4 11. Bf2 Bxd4 12. cxd4 N5g6 13. g3 O-O 14. Nc3 Qf5
15. d5 a6 16. Re1 Re8 17. Bf3 Bd7 18. Rc1 Rac8 19. Qb3 b5 20. Qa3 Qh3 21. Bg2
Qh5 22. Qa5 Bh3 23. Bh1 Bg4 24. Re3 Rf8 25. Rce1 Nf5 26. Rd3 Nh6 27. Rd2 Rfe8
28. Rxe8+ Rxe8 29. Qxa6 Bd7 30. Qa7 Ng4 31. h4 Nxf2 32. Qxf2 b4 33. Ne4 h6 34.
Qf3 Bg4 35. Qf1 f5 36. Nf2 Be2 37. Qe1 Nf8 38. Qc1 Qg6 39. Kh2 Nd7 40. Rc2 Nf6
41. Bg2 Nh5 42. Nh1 Bd3 43. Rd2 Re3 44. Rf2 Rxg3 45. Nxg3 Qxg3+ 46. Kg1 Be4 47.
Qd2 Nf6 48. Re2 Ng4 49. Rxe4 fxe4 50. a4 bxa3 51. bxa3 Nf6 52. a4 e3 0-1

[Event "EU/EM/M/001 EU Email"]
[Site "EU eMail"]
[Date "2002.02.27"]
[Round "?"]
[White "Koronowski, Heinz Juergen"]
[Black "Karelin, Evgeny"]
[Result "1-0"]
[WhiteElo "2201"]
[BlackElo "1706"]
[PlyCount "53"]
[EventDate "2002.??.??"]

1. e4 e5 2. Nf3 Nf6 3. Nxe5 d6 4. Nf3 Nxe4 5. d4 d5 6. Bd3 Bd6 7. O-O O-O 8. c4
c6 9. cxd5 cxd5 10. Nc3 Nxc3 11. bxc3 Bg4 12. Rb1 b6 13. Rb5 Bc7 14. h3 a6 15.
Rxd5 Qxd5 16. hxg4 Qxa2 17. Bxh7+ Kxh7 18. Ng5+ Kg8 19. Qd3 f5 20. Qh3 Rf6 21.
Qh7+ Kf8 22. c4 Qxc4 23. Ba3+ Bd6 24. Rc1 Qxc1+ 25. Bxc1 Ke8 26. Qg8+ Bf8 27.
Ne6 1-0

[Event "EU/EM/M/001 EU Email"]
[Site "EU eMail"]
[Date "2002.02.27"]
[Round "?"]
[White "Koronowski, Heinz Juergen"]
[Black "Mayer, Johann"]
[Result "1/2-1/2"]
[WhiteElo "2201"]
[BlackElo "2216"]
[PlyCount "59"]
[EventDate "2002.??.??"]

1. e4 e5 2. Nf3 Nc6 3. d4 exd4 4. Nxd4 Bc5 5. Be3 Qf6 6. c3 Nge7 7. Bc4 Ne5 8.
Be2 Qg6 9. O-O d6 10. f4 Qxe4 11. Bf2 Bxd4 12. cxd4 N5g6 13. Nc3 Qxf4 14. Nb5
Kd8 15. d5 Qg5 16. Rc1 Bd7 17. Nxc7 Rc8 18. Bxa7 Rxc7 19. Bb6 Nxd5 20. Bxc7+
Nxc7 21. Qxd6 Qe5 22. Qb6 Re8 23. Qxb7 Qd4+ 24. Kh1 Rxe2 25. Qxc7+ Ke8 26. Qb8+
Ke7 27. Rcd1 Qg4 28. Qd6+ Ke8 29. Qb8+ Ke7 30. Qd6+ 1/2-1/2

[Event "EU/EM/M/001 EU Email"]
[Site "EU eMail"]
[Date "2002.02.27"]
[Round "?"]
[White "Koronowski, Heinz Juergen"]
[Black "Wurschner, Miroslav"]
[Result "1-0"]
[WhiteElo "2201"]
[BlackElo "2284"]
[PlyCount "53"]
[EventDate "2002.??.??"]

1. e4 c5 2. Nf3 d6 3. d4 cxd4 4. Nxd4 Nf6 5. Nc3 a6 6. Bg5 e6 7. f4 Be7 8. Qf3
Qc7 9. O-O-O Nbd7 10. g4 b5 11. Bxf6 Nxf6 12. g5 Nd7 13. f5 Nc5 14. f6 gxf6 15.
gxf6 Bf8 16. Rg1 h5 17. Re1 Bb7 18. Bh3 b4 19. Nd5 Qa5 20. Nxe6 Nxe6 21. Bxe6
fxe6 22. f7+ Kd7 23. Nf6+ Kc7 24. Ne8+ Kc6 25. Kb1 Rh6 26. Rd1 Qc5 27. Rg8 1-0

[Event "EU/EM/M/001 EU Email"]
[Site "EU eMail"]
[Date "2002.02.27"]
[Round "?"]
[White "Machycek, Lubomir"]
[Black "Flaherty, Kevin"]
[Result "1/2-1/2"]
[WhiteElo "2390"]
[BlackElo "2139"]
[PlyCount "52"]
[EventDate "2002.??.??"]

1. Nf3 d5 2. d4 Nf6 3. c4 dxc4 4. e3 e6 5. Bxc4 c5 6. Qe2 a6 7. a4 cxd4 8. exd4
Nc6 9. Be3 Bd6 10. Nc3 O-O 11. O-O Qa5 12. Rfd1 Qh5 13. d5 Na5 14. Ba2 exd5 15.
h3 Be6 16. Bg5 Nd7 17. Bxd5 Rfe8 18. Bxe6 Rxe6 19. Be3 Ne5 20. Nd4 Qxe2 21.
Ncxe2 Ree8 22. b3 Rad8 23. Bd2 Nac6 24. Bc3 Bc5 25. Kf1 Nxd4 26. Bxd4 Bxd4
1/2-1/2

[Event "EU/EM/M/001 EU Email"]
[Site "EU eMail"]
[Date "2002.02.27"]
[Round "?"]
[White "Machycek, Lubomir"]
[Black "Karelin, Evgeny"]
[Result "1-0"]
[WhiteElo "2390"]
[BlackElo "1706"]
[PlyCount "55"]
[EventDate "2002.??.??"]

1. Nf3 d5 2. d4 Nf6 3. c4 dxc4 4. e3 Be6 5. Nc3 c6 6. a4 Nbd7 7. Be2 Bd5 8. Qc2
Bxf3 9. Bxf3 e6 10. a5 Nd5 11. O-O b5 12. axb6 axb6 13. Rxa8 Qxa8 14. Nxd5 cxd5
15. e4 dxe4 16. Bxe4 Qc8 17. Bf4 Qa6 18. Bc6 Bb4 19. d5 Ke7 20. Bxd7 Kxd7 21.
dxe6+ fxe6 22. Qe4 Ke7 23. Be5 Rf8 24. Rd1 Qc8 25. Bxg7 Rf5 26. Qh4+ Ke8 27.
Qxh7 b5 28. Qh8+ 1-0

[Event "EU/EM/M/001 EU Email"]
[Site "EU eMail"]
[Date "2002.02.27"]
[Round "?"]
[White "Machycek, Lubomir"]
[Black "Koronowski, Heinz Juergen"]
[Result "1-0"]
[WhiteElo "2390"]
[BlackElo "2201"]
[PlyCount "87"]
[EventDate "2002.??.??"]

1. Nf3 Nf6 2. c4 g6 3. Nc3 Bg7 4. e4 d6 5. d4 O-O 6. h3 e5 7. d5 Na6 8. Bg5 Qe8
9. g4 Nd7 10. Rg1 Kh8 11. Be2 Ndc5 12. a3 f5 13. Nd2 h6 14. Be3 f4 15. Bxc5
dxc5 16. h4 c6 17. Qc2 Nc7 18. g5 h5 19. f3 b6 20. Rh1 Rb8 21. b4 Bd7 22. bxc5
bxc5 23. Kf2 Qe7 24. Rab1 Rb6 25. Rb3 Rfb8 26. Rhb1 Qd6 27. Na4 Rxb3 28. Rxb3
Na6 29. Rxb8+ Nxb8 30. Kg2 Bc8 31. Bf1 Bf8 32. Kh2 Kh7 33. Nb2 Qc7 34. Qc3 Bd6
35. Bh3 Bxh3 36. Kxh3 Qc8+ 37. Kg2 Qa6 38. Qd3 Kg7 39. Nd1 Nd7 40. Nc3 Nf8 41.
dxc6 Qxc6 42. Nb5 Bb8 43. Nb3 Ne6 44. Qd5 1-0